00347nam a2200097Ia 4500008004100000245004700041245006400088260000900152650004000161856004800201171204s9999 xx 000 0 und d aLearning Qlik SenseĀ®: The Official Guide: cChristopher Ilacqua, Henric Cronstrom, and James Richardson c2016 xBUSINESS INTELLIGENCE AND ANALYTICS uhttp://down.ebook777.com/047/1785887165.pdf